[Event "European Rapid 2022"]
[Site "Katowice POL"]
[Date "2022.12.17"]
[Round "2.52"]
[White "Costachi, Mihnea"]
[Black "Kaliszuk, Kamil"]
[Result "1/2-1/2"]
[WhiteTitle "IM"]
[WhiteElo "2476"]
[BlackElo "2103"]
[WhiteFideId "1217518"]
[BlackFideId "21870160"]
[EventDate "2022.12.17"]

1. d4 d5 2. c4 e6 3. Nc3 Nf6 4. Bg5 Be7 5. e3 O-O 6. cxd5 Nxd5 7. Bxe7 Qxe7 8.
Nf3 Nxc3 9. bxc3 c5 10. Bd3 Nc6 11. Qc2 h6 12. O-O b6 13. Qa4 Bb7 14. Ba6 Bxa6
15. Qxa6 Rfd8 16. Rfd1 Rac8 17. Rac1 Rc7 18. Qb5 Qd7 19. Qe2 Qe7 20. h3 Rdc8 21.
d5 exd5 22. Rxd5 Rd7 23. Rxd7 Qxd7 24. Rd1 Qe6 25. Qa6 Rc7 26. Rd2 Kh7 27. Qd3+
g6 28. h4 Ne5 29. Nxe5 Qxe5 30. Qd8 Qe7 31. Kf1 Kg7 32. Ke2 Qxd8 33. Rxd8 c4 34.
e4 Rc5 35. Ke3 Ra5 36. Rd2 Kf6 37. Kd4 Ra4 38. Kd5 Ra5+ 39. Kxc4 Ra4+ 40. Kd5
Ra5+ 41. Kd4 Ra4+ 42. Ke3 Ra3 43. Rc2 g5 44. hxg5+ hxg5 45. f3 Ke6 46. g3 f5 47.
exf5+ Kxf5 48. Kd4 Ra5 49. Re2 Ra4+ 50. Kd5 Ra5+ 51. Kc4 Rc5+ 52. Kb3 Rb5+ 53.
Kc4 Rc5+ 54. Kb4 Ra5 55. c4 Rc5 56. a4 Rc7 57. Rd2 Rf7 58. Rd3 Ke6 59. a5 Rf5
60. axb6 axb6 61. g4 Ra5 62. Rd8 Ra1 63. Kb5 Rb1+ 64. Kc6 Rb4 65. Rd4 Ke5 66.
Re4+ Kf6 67. Kd5 Rb3 68. f4 gxf4 69. Rxf4+ Kg5 70. Rd4 Rb1 71. Kc6 Rb4 72. Re4
Kf6 73. Kd5 Rb1 74. Rd4 Rb4 75. Kc6 Kg5 76. Kd6 Kf6 77. Kd5 Kg5 78. Kc6 Kf6 79.
Kd5 Kg5 80. Re4 Kf6 81. Re8 Kg5 82. Rg8+ Kf6 83. g5+ Kf7 84. Rb8 Kg6 85. Rg8+
Kf7 86. Rd8 Kg6 87. Kd4 b5 88. Rd6+ Kg7 89. Rd7+ Kg6 90. Rd6+ Kg7 91. Ke5 Rxc4
92. Rb6 b4 93. Kf5 Rc7 94. Rxb4 Rc5+ 95. Kg4 Rc6 96. Kh5 Ra6 97. Rb7+ Kg8 98.
Rc7 Rb6 99. g6 Rb1 100. Rc8+ Kg7 101. Rc7+ Kg8 102. Kh6 Rh1+ 103. Kg5 Rg1+ 104.
Kf6 Rf1+ 105. Kg5 Rg1+ 1/2-1/2

[Event "European Rapid 2022"]
[Site "Katowice POL"]
[Date "2022.12.17"]
[Round "2.53"]
[White "Petrek, Dominik"]
[Black "Horvath, Dominik"]
[Result "0-1"]
[BlackTitle "IM"]
[WhiteElo "2099"]
[BlackElo "2502"]
[WhiteFideId "14954990"]
[BlackFideId "1642561"]
[EventDate "2022.12.17"]

1. d4 d5 2. c4 e6 3. Nf3 Nf6 4. g3 Bb4+ 5. Bd2 a5 6. Qc2 O-O 7. Bg2 c5 8. dxc5
d4 9. Bxb4 axb4 10. O-O Nc6 11. Rd1 e5 12. Nbd2 Qe7 13. Nb3 Bg4 14. a3 bxa3 15.
Rxa3 Rxa3 16. bxa3 h6 17. Ne1 Nd7 18. Nd3 e4 19. Nb4 d3 20. exd3 Bxd1 21. Qxd1
Nxc5 22. Nxc5 Qxc5 23. Nxc6 bxc6 24. Bxe4 f5 25. Bf3 Rd8 26. Qe2 Kh7 27. Kg2
Qxa3 28. Qe6 Qxd3 29. Qxc6 Rb8 30. Bd5 Rb1 31. c5 Qf1+ 32. Kf3 Qd1+ 33. Kg2 Qh1+
34. Kh3 Qf1+ 35. Bg2 Qxf2 36. Qd5 Rb2 37. c6 Rc2 0-1

[Event "European Rapid 2022"]
[Site "Katowice POL"]
[Date "2022.12.17"]
[Round "2.54"]
[White "Klekowski, Maciej"]
[Black "Kopaczewski, Adam"]
[Result "1-0"]
[WhiteTitle "GM"]
[WhiteElo "2477"]
[BlackElo "2096"]
[WhiteFideId "1132717"]
[BlackFideId "1187309"]
[EventDate "2022.12.17"]

1. c4 e5 2. Nc3 Nc6 3. g3 f5 4. Nf3 Nf6 5. d4 e4 6. Nh4 Bb4 7. Nxf5 O-O 8. Ne3
d5 9. Bg2 dxc4 10. d5 Ne7 11. O-O Bxc3 12. bxc3 Nexd5 13. Qa4 Nxe3 14. Bxe3 Be6
15. Rab1 Bd5 16. Rfd1 Qe8 17. Qxe8 Raxe8 18. Rd4 b6 19. Bg5 c6 20. Bxf6 Rxf6 21.
e3 b5 22. h4 Rf7 23. Rb2 Rb7 24. Bf1 Rbb8 25. Be2 Kf7 26. a4 a6 27. Ra2 Ra8 28.
Rd1 Ke6 29. Bg4+ Kd6 30. Rda1 c5 31. Rd1 Kc6 32. Rad2 Re5 33. f4 exf3 34. Kf2
Rae8 35. e4 Be6 36. Rd6+ Kb7 37. Bxf3 b4 38. a5 Rf8 39. Ke3 b3 40. Rb6+ Ka7 41.
Rdd6 Bc8 42. Rdc6 Re7 43. Rxc5 Rb7 44. Rxc4 Rxb6 45. axb6+ Kb7 46. Rb4 Be6 47.
c4 a5 48. Rxb3 Bxc4 49. Rc3 Bb5 50. Rc7+ Kxb6 51. Rxg7 a4 52. Bd1 a3 53. Bb3 Rd8
54. Kf4 Ba4 55. Bc4 Kc5 56. Rc7+ Kb4 57. Bd5 Rf8+ 58. Kg5 Rf3 59. g4 Bb3 60.
Rb7+ Ka4 61. Rxh7 Bxd5 62. exd5 Rd3 63. Ra7+ Kb3 64. h5 Rxd5+ 65. Kf6 Rd4 66.
Rxa3+ Kxa3 67. g5 Rf4+ 68. Kg7 Kb4 69. h6 1-0

[Event "European Rapid 2022"]
[Site "Katowice POL"]
[Date "2022.12.17"]
[Round "2.55"]
[White "Javornik, Nik"]
[Black "Gaehwiler, Gabriel"]
[Result "0-1"]
[BlackTitle "IM"]
[WhiteElo "2080"]
[BlackElo "2408"]
[WhiteFideId "14636549"]
[BlackFideId "1314530"]
[EventDate "2022.12.17"]

1. Nf3 Nf6 2. g3 b6 3. Bg2 Bb7 4. d3 d5 5. O-O Nbd7 6. Nbd2 e5 7. e4 dxe4 8. Ng5
Be7 9. Ngxe4 Qc8 10. Qf3 Rb8 11. Qf5 Nxe4 12. Nxe4 g6 13. Qh3 f5 14. Nc3 O-O 15.
Bh6 Rf7 16. Nd5 Bd6 17. a4 c6 18. Nc3 a5 19. Ne2 Nf6 20. d4 e4 21. c4 Qd7 22. b3
Ng4 23. Rad1 Nxh6 24. Qxh6 Qe7 25. Nf4 Rd8 26. d5 cxd5 27. Nxd5 Bxd5 28. Rxd5
Bc5 29. Rxd8+ Qxd8 30. h4 Qd3 31. Qf4 Qxb3 32. h5 Qxa4 33. hxg6 hxg6 34. Qg5 Kg7
35. Rc1 Qa2 36. Qf4 Qe2 37. Qe5+ Kh7 38. Qf4 a4 39. Bf1 Qg4 40. Qe5 Qf3 41. Rc2
e3 42. Qe8 Re7 43. Qxa4 exf2+ 44. Kh2 Bd6 0-1

[Event "European Rapid 2022"]
[Site "Katowice POL"]
[Date "2022.12.17"]
[Round "2.56"]
[White "Stefanova, Antoaneta"]
[Black "Adamczewski, Maciej"]
[Result "1-0"]
[WhiteTitle "GM"]
[WhiteElo "2442"]
[BlackElo "2071"]
[WhiteFideId "2902257"]
[BlackFideId "1148702"]
[EventDate "2022.12.17"]

1. d4 Nf6 2. Nf3 g6 3. g3 Bg7 4. Bg2 O-O 5. O-O d6 6. a4 a5 7. b3 c6 8. Bb2 Nbd7
9. Nbd2 d5 10. Re1 Re8 11. h3 Qc7 12. e4 dxe4 13. Nxe4 Nxe4 14. Rxe4 Nf6 15. Re2
Bf5 16. Nh4 Bd7 17. Qd2 Rad8 18. Rae1 Bc8 19. Qc1 Nd5 20. Rd1 Qb6 21. Nf3 Bf5
22. g4 Bc8 23. c4 Nb4 24. Bc3 Qc7 25. Ne5 Bxe5 26. Rxe5 Na2 27. Qc2 Nxc3 28.
Qxc3 f6 29. Ree1 e5 30. d5 c5 31. f4 exf4 32. Qxf6 Rf8 33. Re7 Rxf6 34. Rxc7 f3
35. Bf1 b6 36. Kf2 h5 37. gxh5 gxh5 38. Rd3 Bf5 39. Rxf3 Rdf8 40. Rc6 R6f7 41.
Be2 Bc2 42. Rxf7 Rxf7+ 43. Ke3 Bxb3 44. Rxb6 Re7+ 45. Kd2 Bxa4 46. Ra6 Rc7 47.
Rxa5 Bd7 48. h4 Kg7 49. Bxh5 Kf6 50. Be2 Ke5 51. Ke3 Bf5 52. h5 Rb7 53. Rxc5
Rb3+ 54. Kf2 Rb2 55. d6+ Kf4 56. Rb5 Ra2 57. c5 Bd3 58. Rb4+ Ke5 59. Ke3 Bxe2
60. d7 Ra8 61. Rd4 Rd8 62. c6 1-0

[Event "European Rapid 2022"]
[Site "Katowice POL"]
[Date "2022.12.17"]
[Round "2.57"]
[White "Sokolowski, Ryszard"]
[Black "Akesson, Ralf"]
[Result "0-1"]
[BlackTitle "GM"]
[WhiteElo "2020"]
[BlackElo "2404"]
[WhiteFideId "1103156"]
[BlackFideId "1700120"]
[EventDate "2022.12.17"]

1. d4 Nf6 2. c4 g6 3. Nc3 d5 4. cxd5 Nxd5 5. e4 Nxc3 6. bxc3 Bg7 7. Nf3 c5 8.
Be3 Bg4 9. Bb5+ Nd7 10. O-O O-O 11. Be2 Qa5 12. Qb3 Rab8 13. h3 Bxf3 14. Bxf3 b5
15. e5 Nb6 16. Bg5 c4 17. Qc2 Rfe8 18. e6 fxe6 19. Rfe1 Bf6 20. Bf4 Rbd8 21.
Rxe6 Nd5 22. Bd2 Qc7 23. Rb1 b4 24. cxb4 Bxd4 25. b5 c3 26. Be1 Nf4 27. Re4 e5
28. Kh2 Ne6 29. Rg4 e4+ 30. g3 exf3 31. Rd1 Bg7 32. Rc1 Nd4 33. Qa4 Ne2 34. Rc2
Nxg3 35. fxg3 Rxe1 36. Re4 Rd2+ 37. Rxd2 cxd2 38. b6 axb6 39. Qe8+ Bf8 40. Rxe1
dxe1=Q 41. Qxe1 Qc2+ 0-1

[Event "European Rapid 2022"]
[Site "Katowice POL"]
[Date "2022.12.17"]
[Round "2.58"]
[White "Drozdowski, Konrad"]
[Black "Manik, Mikulas"]
[Result "1/2-1/2"]
[BlackTitle "GM"]
[WhiteElo "2104"]
[BlackElo "2359"]
[WhiteFideId "1106279"]
[BlackFideId "14900734"]
[EventDate "2022.12.17"]

1. d4 Nf6 2. Bg5 d5 3. Bxf6 exf6 4. e3 Bd6 5. g3 c6 6. Bg2 O-O 7. Ne2 Be6 8. O-O
f5 9. Nd2 Nd7 10. Nf4 Nf6 11. Nxe6 fxe6 12. c4 Ne4 13. Nxe4 fxe4 14. Qe2 Qg5 15.
Rac1 a6 16. f3 exf3 17. Rxf3 Rxf3 18. Bxf3 Rf8 19. Kg2 g6 20. Bg4 Rf6 21. c5 Bc7
22. h4 Qh6 23. Rf1 Rxf1 24. Kxf1 Bxg3 25. Qf3 Qxh4 26. Bxe6+ Kg7 27. Qf7+ Kh6
28. Qf8+ Kh5 29. Qf3+ Kg5 30. Bc8 h5 31. Bxb7 Qh3+ 32. Ke2 h4 33. Bxc6 Qh2+ 34.
Kd3 Qxb2 35. Qxd5+ Kh6 36. Qb3 Qf2 37. Qg8 Qf1+ 38. Kc2 Qe2+ 39. Kb1 Qd3+ 40.
Kb2 Qxe3 41. Qh8+ Kg5 42. Qd8+ Kg4 43. Qc8+ Kh5 44. Qh8+ Qh6 45. Bf3+ Kg5 46.
Qd8+ Kf4 47. Qd5 Qf8 48. c6 Qe7 49. Qe5+ Qxe5 50. dxe5 Kf5 51. Be4+ Ke6 52. Bxg6
Bxe5+ 53. Kb3 Kd5 54. Bd3 a5 55. Ka4 Bc7 56. Kb5 h3 57. Bf1 h2 58. Bg2+ Kd4 59.
a4 Ke5 1/2-1/2

[Event "European Rapid 2022"]
[Site "Katowice POL"]
[Date "2022.12.17"]
[Round "2.59"]
[White "Sop, Selen"]
[Black "Subelj, Jan"]
[Result "0-1"]
[WhiteTitle "WFM"]
[BlackTitle "IM"]
[WhiteElo "1950"]
[BlackElo "2492"]
[WhiteFideId "6300278"]
[BlackFideId "14618583"]
[EventDate "2022.12.17"]

1. c4 Nf6 2. Nf3 e6 3. g3 b6 4. Bg2 Bb7 5. O-O Be7 6. b3 O-O 7. Bb2 d6 8. d3
Nbd7 9. Nbd2 a5 10. a3 Re8 11. Rb1 Bf8 12. Bc3 Qc8 13. e4 Nc5 14. Qe2 e5 15.
Rfd1 g6 16. Nf1 Ne6 17. Ne3 c5 18. h4 Nd4 19. Bxd4 exd4 20. Nc2 d5 21. e5 Nd7
22. Bh3 Qc6 23. Ncxd4 cxd4 24. Nxd4 Qc7 25. e6 Nc5 26. Nb5 Qe7 27. Qe5 Nxe6 28.
cxd5 Qc5 29. Bxe6 Rxe6 30. Qc7 Qxd5 0-1

[Event "European Rapid 2022"]
[Site "Katowice POL"]
[Date "2022.12.17"]
[Round "2.60"]
[White "Blohberger, Felix"]
[Black "Mirski, Michal"]
[Result "1-0"]
[WhiteTitle "GM"]
[WhiteElo "2490"]
[BlackElo "1917"]
[WhiteFideId "1632051"]
[BlackFideId "1157159"]
[EventDate "2022.12.17"]

1. d4 f5 2. Nf3 Nf6 3. Bf4 d6 4. Nc3 h6 5. h4 g6 6. Qd3 Bg7 7. e4 fxe4 8. Nxe4
Bf5 9. Nxf6+ Bxf6 10. Qb5+ Nd7 11. Bd3 Bxd3 12. Qxd3 Nf8 13. Qb5+ Kf7 14. Qxb7
Rb8 15. Qxa7 Rxb2 16. Qa4 Ne6 17. Bc1 Rb7 18. h5 g5 19. Qc6 Qa8 20. Qe4 Ra7 21.
Qg6+ Kf8 22. c3 Rxa2 23. Rxa2 Qxa2 24. O-O Ng7 25. g4 Qe6 26. Nh2 Qf7 27. Qe4
Ne6 28. Re1 Nd8 29. Nf1 Qh7 30. Qa8 Kf7 31. Ng3 Qd3 32. Qd5+ e6 33. Qa5 Qc4 34.
Bd2 Rf8 35. Qa1 Qd3 36. Qa2 Qf3 37. Qc2 Qxg4 38. Qg6+ Ke7 39. Qxh6 Rg8 40. Qh7+
Rg7 41. Qd3 Rf7 42. Kg2 Nc6 43. Bc1 e5 44. Qc4 Qd7 45. d5 Nd8 46. Qe4 Qb5 47. c4
Qb3 48. Qg4 Qd3 49. Bxg5 Bxg5 50. Qxg5+ Kd7 51. Qg4+ Ke7 52. Re3 Qh7 53. Qg5+
Kd7 54. Qg4+ Ke7 55. Ra3 Rg7 56. Qh4+ Kd7 57. Ra8 Re7 58. Qg4+ Ke8 59. Nf5 Rf7
60. Qg5 Rd7 61. h6 Qf7 62. Ng7+ Kf8 63. Rxd8+ 1-0

[Event "European Rapid 2022"]
[Site "Katowice POL"]
[Date "2022.12.17"]
[Round "2.61"]
[White "Haug, Havard"]
[Black "Wieczorek, Oskar"]
[Result "0-1"]
[BlackTitle "GM"]
[WhiteElo "2044"]
[BlackElo "2504"]
[WhiteFideId "1547887"]
[BlackFideId "1133950"]
[EventDate "2022.12.17"]

1. e4 c6 2. c4 g6 3. d4 Bg7 4. Nf3 d6 5. Nc3 Nf6 6. Be2 O-O 7. O-O Bg4 8. Bf4
Nbd7 9. h3 Bxf3 10. Bxf3 e5 11. dxe5 dxe5 12. Be3 Qe7 13. Qb3 Rfb8 14. Rad1 Nc5
15. Qa3 Bf8 16. Bxc5 Qxc5 17. Qxc5 Bxc5 18. Rd3 Rd8 19. Rfd1 Rxd3 20. Rxd3 Kf8
21. Kf1 Ke7 22. Ke2 h5 23. g3 h4 24. Bg2 Bd4 25. Nd1 Nd7 26. Rd2 a5 27. Ne3 Nc5
28. g4 Ne6 29. Bf1 a4 30. Ng2 a3 31. bxa3 g5 32. Ne3 Rxa3 33. Nf5+ Kd7 34. Bg2
Nf4+ 35. Kf1 Rc3 36. Rd1 Rxc4 37. Ne3 Ra4 38. a3 Rxa3 39. Nc4 Rd3 40. Rc1 b5 41.
Na5 Rd2 42. Ke1 Rxf2 43. Bf1 Ng2+ 44. Bxg2 Rxg2 45. Rxc6 Ra2 46. Rf6 Rxa5 47.
Rxf7+ Ke6 48. Rg7 Be3 49. Ke2 Bf4 50. Kd3 Ra3+ 51. Kc2 Rxh3 52. Rg6+ Kd7 53. Rh6
Rg3 54. Kd1 Rxg4 55. Ke2 Rg3 56. Kf2 Re3 57. Kg2 Rxe4 58. Kf3 Re3+ 0-1

[Event "European Rapid 2022"]
[Site "Katowice POL"]
[Date "2022.12.17"]
[Round "2.62"]
[White "Ondozi, Murtez"]
[Black "Gradalski, Olaf"]
[Result "1-0"]
[WhiteTitle "FM"]
[WhiteElo "2406"]
[BlackElo "2079"]
[WhiteFideId "937576"]
[BlackFideId "21840580"]
[EventDate "2022.12.17"]

1. d4 Nf6 2. c4 e6 3. Nf3 a6 4. Nc3 d5 5. cxd5 exd5 6. Bg5 Be6 7. e3 Nbd7 8. h3
Bd6 9. Bd3 h6 10. Bf4 Bxf4 11. exf4 Nb6 12. f5 Bd7 13. O-O O-O 14. Ne5 Re8 15.
f4 Nc4 16. Qc1 Nd6 17. g4 Nfe4 18. Nxd5 Qh4 19. Rf3 Bc6 20. Nxc6 bxc6 21. Nxc7
h5 22. Qc2 hxg4 23. hxg4 Qxg4+ 24. Qg2 Qxf5 25. Nxa8 Rxa8 26. Re3 Qxf4 27. Rxe4
Nxe4 28. Qxe4 Qg3+ 29. Kf1 Qh3+ 30. Ke2 Qh2+ 31. Kd1 Rd8 32. Rc1 Qg1+ 33. Kc2
Qf2+ 34. Kc3 c5 35. d5 Qh2 36. Rh1 Qb8 1-0

[Event "European Rapid 2022"]
[Site "Katowice POL"]
[Date "2022.12.17"]
[Round "2.63"]
[White "Hercog, Nusa"]
[Black "Szpar, Milosz"]
[Result "0-1"]
[WhiteTitle "WFM"]
[BlackTitle "IM"]
[WhiteElo "2057"]
[BlackElo "2428"]
[WhiteFideId "14614324"]
[BlackFideId "1184989"]
[EventDate "2022.12.17"]

1. d4 Nf6 2. c4 c5 3. d5 e6 4. Nc3 exd5 5. cxd5 d6 6. e4 g6 7. f4 Bg7 8. Bb5+
Nfd7 9. Nf3 a6 10. Bd3 b5 11. O-O O-O 12. a4 c4 13. Bc2 b4 14. Ne2 Nc5 15. e5
Nbd7 16. Qd4 a5 17. Ng3 Re8 18. Re1 Qc7 19. Be3 Bb7 20. Qxc4 Rac8 21. Rac1 dxe5
22. fxe5 Nxe5 23. Nxe5 Rxe5 24. Bf4 Qb6 25. Be3 Rxe3 26. Rxe3 Ne6 27. Qe4 Bxd5
28. Qd3 Nf4 29. Qd2 Bd4 30. Nf1 Re8 31. Re1 Nxg2 32. Re2 Nxe3 33. Nxe3 Rxe3 0-1

[Event "European Rapid 2022"]
[Site "Katowice POL"]
[Date "2022.12.17"]
[Round "2.64"]
[White "Piesik, Piotr"]
[Black "Orzechowski, Jacek"]
[Result "1-0"]
[WhiteTitle "IM"]
[WhiteElo "2420"]
[BlackElo "2125"]
[WhiteFideId "1136194"]
[BlackFideId "1101951"]
[EventDate "2022.12.17"]

1. Nf3 Nf6 2. g3 g6 3. Bg2 Bg7 4. O-O O-O 5. d4 c5 6. c3 d6 7. dxc5 dxc5 8. Nbd2
Qc7 9. Qc2 b6 10. e4 Bb7 11. Re1 Nc6 12. Nc4 Rad8 13. Bf4 Qc8 14. a4 Nh5 15. Be3
Nf6 16. Bf4 Nh5 17. Bd2 Ba6 18. Bf1 Qe6 19. b3 Nf6 20. Ng5 Qc8 21. f4 h6 22. Nf3
Ne8 23. e5 Nc7 24. Rad1 Rd7 25. f5 gxf5 26. Qxf5 Ne6 27. Bxh6 Rxd1 28. Rxd1 Ned4
29. Nxd4 Nxd4 30. Qxc8 Nf3+ 31. Kg2 Bxc8 32. Bxg7 1-0

[Event "European Rapid 2022"]
[Site "Katowice POL"]
[Date "2022.12.17"]
[Round "2.65"]
[White "Pla Almenar, Nel"]
[Black "Klenburg, Michael"]
[Result "0-1"]
[BlackTitle "IM"]
[WhiteElo "2038"]
[BlackElo "2347"]
[WhiteFideId "22273115"]
[BlackFideId "14102072"]
[EventDate "2022.12.17"]

1. Nf3 g6 2. g3 Bg7 3. Bg2 d6 4. d4 Nf6 5. b3 O-O 6. Bb2 c5 7. c4 Ne4 8. O-O Nc6
9. e3 Qa5 10. Qe2 e6 11. Rd1 cxd4 12. Nxd4 Nxd4 13. Bxd4 Nf6 14. Bc3 Qc7 15. Qb2
e5 16. Nd2 Bg4 17. Re1 Rac8 18. Rac1 Bf5 19. e4 Bd7 20. Nf1 Bc6 21. Qb1 Nd7 22.
Ne3 Nc5 23. Nd5 Bxd5 24. cxd5 Qb6 25. b4 Na4 26. Ba1 Bh6 27. Rxc8 Rxc8 28. Bh3
Rc7 29. Qb3 Qb5 30. Bf1 Qd7 31. Be2 b5 32. Qd3 a6 33. Rf1 Bg7 34. Qd2 Qc8 35.
Bd3 Nb6 36. Qe2 Rc1 37. Bb2 Rxf1+ 38. Qxf1 Bh6 39. Kg2 Na4 40. Ba1 Bd2 41. h3
Bxb4 42. f4 Bc3 43. fxe5 Bxe5 44. Bxe5 dxe5 45. Qd1 Qc5 46. Bc2 Nb6 47. Bb3 Nc8
48. Qg4 Nd6 49. Qd7 Qb4 50. Kf1 Nxe4 51. Qe8+ Qf8 52. Qxe5 Nd6 53. g4 a5 54. a4
bxa4 55. Bxa4 Qb8 56. Bc6 Qb1+ 57. Kf2 Qc2+ 58. Kf3 Qd3+ 59. Kf2 Ne4+ 60. Kg2
Qe2+ 61. Kh1 Nf2+ 0-1

[Event "European Rapid 2022"]
[Site "Katowice POL"]
[Date "2022.12.17"]
[Round "2.66"]
[White "Kuzmicz, Krystian"]
[Black "Walter, Ema"]
[Result "1-0"]
[WhiteTitle "IM"]
[WhiteElo "2466"]
[BlackElo "2041"]
[WhiteFideId "1119125"]
[BlackFideId "14960710"]
[EventDate "2022.12.17"]

1. e4 e5 2. Bc4 Bc5 3. d3 Nc6 4. Nc3 d6 5. Qf3 Be6 6. Be3 Nd4 7. Bxd4 Bxd4 8.
Nge2 Bb6 9. O-O-O Nf6 10. h3 c6 11. Bb3 Bxb3 12. axb3 Qe7 13. d4 O-O-O 14. d5
Kb8 15. Rd3 Rd7 16. Rhd1 Rhd8 17. Kb1 Ne8 18. Ng3 g6 19. Nf1 Ng7 20. Nd2 f5 21.
Nc4 Bd4 22. exf5 gxf5 23. dxc6 e4 24. Qf4 exd3 25. cxd7 dxc2+ 26. Kxc2 Bxc3 27.
bxc3 Rxd7 28. Rxd6 Ka8 29. Rxd7 Qxd7 30. Qd6 Qe8 31. Ne3 a6 32. Qh6 Qe4+ 33. Kb2
f4 34. Qxg7 fxe3 35. fxe3 b5 36. Qf8+ Ka7 37. Qf7+ Kb6 38. Qf6+ 1-0

[Event "European Rapid 2022"]
[Site "Katowice POL"]
[Date "2022.12.17"]
[Round "2.67"]
[White "Kolesnikovs, Ivans"]
[Black "Samunenkov, Ihor"]
[Result "0-1"]
[BlackTitle "IM"]
[WhiteElo "2052"]
[BlackElo "2488"]
[WhiteFideId "11602244"]
[BlackFideId "14187086"]
[EventDate "2022.12.17"]

1. c4 c5 2. Nf3 Nc6 3. Nc3 Nf6 4. d3 d5 5. cxd5 Nxd5 6. g3 g6 7. Bg2 Bg7 8. Bd2
Nc7 9. O-O O-O 10. Rc1 b6 11. Ne5 0-1

[Event "European Rapid 2022"]
[Site "Katowice POL"]
[Date "2022.12.17"]
[Round "2.68"]
[White "Gunnarsson, Arnar"]
[Black "Cieslak, Patryk"]
[Result "1-0"]
[WhiteTitle "IM"]
[WhiteElo "2406"]
[BlackElo "2094"]
[WhiteFideId "2300915"]
[BlackFideId "21078882"]
[EventDate "2022.12.17"]

1. c4 Nf6 2. Nc3 e5 3. Nf3 Nc6 4. e3 Bb4 5. Nd5 Be7 6. a3 a5 7. b3 O-O 8. Bb2 d6
9. Be2 Be6 10. Nxe7+ Qxe7 11. d4 exd4 12. Nxd4 Nxd4 13. Qxd4 a4 14. b4 c5 15.
Qf4 Nd7 16. O-O Nb6 17. bxc5 dxc5 18. Rab1 Ra6 19. Be5 Rc8 20. Bd6 Qf6 21. Rfc1
Nxc4 22. Qxf6 gxf6 23. Be7 Rb6 24. Rxb6 Nxb6 25. Rxc5 Rxc5 26. Bxc5 Nc4 27. f3
f5 28. Kf2 Kg7 29. Bb4 Kf6 30. f4 Bd5 31. h3 Ke6 32. g4 fxg4 33. hxg4 h6 34. e4
Bxe4 35. Bxc4+ Kf6 36. Ke3 Bc2 37. Bd5 b6 38. Kd2 Bb1 39. Bc6 Kg6 40. Bxa4 f5
41. Be8+ Kf6 42. Bc3+ Ke7 43. Bh5 fxg4 44. Bxg4 Ba2 45. Bd4 b5 46. Be2 Ke6 47.
Bxb5 Kf5 48. Ke3 h5 49. Bd7+ Kg6 50. Bh3 Bb3 51. Kf3 Bd5+ 52. Kg3 Bb3 53. Kh4
Bd1 54. f5+ Kh6 55. Be3+ Kg7 56. Kg5 Kf7 57. Bc5 Kg7 58. Bg2 Bb3 59. Bc6 h4 60.
Bd4+ Kf7 61. Kxh4 Ke7 62. Kg5 Kd6 63. Be4 Bf7 64. Kf6 Bb3 65. Kg7 Bc4 66. f6 Kd7
67. a4 Ke8 68. a5 Kd7 69. a6 Bxa6 70. f7 Bc4 71. f8=Q 1-0

[Event "European Rapid 2022"]
[Site "Katowice POL"]
[Date "2022.12.17"]
[Round "2.69"]
[White "Ribeiro, Gustavo"]
[Black "Batsiashvili, Nino"]
[Result "0-1"]
[BlackTitle "GM"]
[WhiteElo "1836"]
[BlackElo "2493"]
[WhiteFideId "1941852"]
[BlackFideId "13602993"]
[EventDate "2022.12.17"]

1. d4 Nf6 2. c4 c5 3. d5 b5 4. b3 e6 5. dxe6 fxe6 6. cxb5 a6 7. e3 d5 8. Nf3 Bd6
9. Bb2 O-O 10. Nbd2 Qe8 11. a4 Nbd7 12. Nc4 Bc7 13. Nce5 Ba5+ 14. Nd2 Nxe5 15.
Bxe5 Ne4 16. Ra2 Rxf2 17. Qg4 Qg6 18. Qxg6 hxg6 19. Be2 Rf5 20. Bg3 Nxd2 21.
Rxd2 axb5 22. Bxb5 Ba6 23. Bd7 Kf7 24. Kd1 Bxd2 25. Kxd2 Rf1 26. Rxf1+ Bxf1 27.
Bc6 Ra6 28. Bd7 Ke7 29. Bc8 Rc6 30. Bh4+ Kd6 31. Bg3+ Ke7 32. Bh4+ Ke8 33. Bb7
Rc7 34. Ba8 Kd7 35. e4 Ra7 0-1

[Event "European Rapid 2022"]
[Site "Katowice POL"]
[Date "2022.12.17"]
[Round "2.70"]
[White "Paehtz, Elisabeth"]
[Black "Jedrusik, Adam"]
[Result "1-0"]
[WhiteTitle "GM"]
[WhiteElo "2464"]
[BlackElo "1951"]
[WhiteFideId "4641833"]
[BlackFideId "21802122"]
[EventDate "2022.12.17"]

1. d4 d5 2. Bf4 Nf6 3. e3 c5 4. c3 Nc6 5. Nd2 cxd4 6. exd4 Bf5 7. Ngf3 e6 8. Qb3
Qc8 9. Nh4 Be4 10. Nxe4 Nxe4 11. Nf3 Bd6 12. Bxd6 Nxd6 13. Bd3 Qc7 14. O-O O-O-O
15. Rfe1 Kb8 16. Rac1 Rc8 17. Qd1 h6 18. Qe2 g5 19. Nd2 Qe7 20. b4 h5 21. Nb3 g4
22. Qe3 Ka8 23. Qf4 Rcg8 24. b5 Nb8 25. Bf1 Nd7 26. a4 h4 27. a5 g3 28. a6 b6
29. fxg3 hxg3 30. h3 Nf6 31. Qf3 Nfe4 32. c4 dxc4 33. Rxe4 Nxe4 34. Qxe4+ Kb8
35. Rxc4 Rc8 36. Qe5+ Ka8 37. Be2 Rxc4 38. Qxh8+ 1-0

[Event "European Rapid 2022"]
[Site "Katowice POL"]
[Date "2022.12.17"]
[Round "2.71"]
[White "Gretarsson, Helgi Ass"]
[Black "Parol, Pola"]
[Result "1-0"]
[WhiteTitle "GM"]
[BlackTitle "WFM"]
[WhiteElo "2451"]
[BlackElo "2041"]
[WhiteFideId "2300699"]
[BlackFideId "1163116"]
[EventDate "2022.12.17"]

1. c4 Nf6 2. Nc3 e6 3. Nf3 d5 4. e3 Bb4 5. Qa4+ Nc6 6. cxd5 exd5 7. Bb5 Qd6 8.
a3 Bxc3 9. bxc3 Bd7 10. Qc2 a6 11. Be2 Ne7 12. a4 Bf5 13. Qb3 b6 14. Ba3 Qd8 15.
a5 b5 16. Nd4 Be4 17. f3 Bg6 18. Bb4 O-O 19. g4 Re8 20. Qa3 Qd7 21. g5 Nh5 22.
f4 Nf5 23. Bg4 Nxf4 24. O-O Ne6 25. Nxf5 Qd8 26. Ne7+ Kh8 27. Bxe6 fxe6 28.
Nxg6+ hxg6 29. h4 e5 30. Bc5 Qd7 31. Rf2 Kg8 32. Qb4 e4 33. Qd4 c6 34. Rg2 Qh3
35. Bd6 Qxh4 36. Qb6 Rec8 37. Qb7 Qh3 38. Be5 Qh7 39. Rh2 1-0

[Event "European Rapid 2022"]
[Site "Katowice POL"]
[Date "2022.12.17"]
[Round "2.72"]
[White "Zerebiec, Maurycy"]
[Black "Monroy, Charles"]
[Result "0-1"]
[BlackTitle "IM"]
[WhiteElo "1917"]
[BlackElo "2395"]
[WhiteFideId "21816026"]
[BlackFideId "621641"]
[EventDate "2022.12.17"]

1. c4 Nf6 2. Nc3 c5 3. e4 Nc6 4. g3 g6 5. Bg2 Bg7 6. Nge2 d6 7. a3 O-O 8. d3 Ne8
9. Be3 Nd4 10. O-O Nc7 11. Rb1 Bg4 12. f3 Bd7 13. b4 Rb8 14. bxc5 dxc5 15. Bxd4
cxd4 16. Nd5 Ne6 17. Bh3 Nc5 18. Bxd7 Qxd7 19. Rb5 Rbc8 20. Qd2 e6 21. Ndf4 f5
22. exf5 Rxf5 23. Ng2 e5 24. g4 Rf7 25. Ng3 b6 26. h3 Rcf8 27. Ne1 Qe7 28. Kh2
Bf6 29. Ne4 Bh4 30. Nxc5 bxc5 31. Ng2 Rxf3 32. Rxf3 Rxf3 33. Qe2 Bg3+ 34. Kg1
Qf7 35. Rb1 Bf2+ 36. Kh2 Be3 37. Rb8+ Kg7 38. Qb2 Bf4+ 39. Kg1 Bg3 40. Qb1 Rf1+
41. Qxf1 Bh2+ 42. Kxh2 Qxf1 43. Rb7+ Kf6 44. Rxa7 Qxd3 45. a4 Qxc4 46. a5 Qb5
47. a6 Qc6 48. h4 c4 49. g5+ Ke6 50. h5 c3 51. Rxh7 Qxa6 52. Rg7 Qd3 53. h6 Qe2
54. Rxg6+ Kf7 55. Rf6+ Kg8 56. Rg6+ Kh8 57. Rc6 Qh5+ 58. Kg1 Qxg5 59. Kf1 Qf5+
60. Kg1 c2 61. Ne1 Qg5+ 0-1